Robotics: Control,sensing,vision,and intelligence (Record no. 171577)
[ view plain ]
| 000 -LEADER | |
|---|---|
| fixed length control field | 00439nam a2200145Ia 4500 |
| 008 - FIXED-LENGTH DATA ELEMENTS--GENERAL INFORMATION | |
| fixed length control field | 231217s9999 xx 000 0 und d |
| 041 ## - LANGUAGE CODE | |
| Language code of text/sound track or separate title | English |
| 082 ## - DEWEY DECIMAL CLASSIFICATION NUMBER | |
| Classification number | 629.892 FU;2 R1 |
| 100 ## - MAIN ENTRY--PERSONAL NAME | |
| Personal name | Fu, K S Gonzalez, R C Lee, C S G |
| 245 #0 - TITLE STATEMENT | |
| Title | Robotics: Control,sensing,vision,and intelligence |
| 260 ## - PUBLICATION, DISTRIBUTION, ETC. | |
| Date of publication, distribution, etc. | 1987 |
| Name of publisher, distributor, etc. | McGraw-Hill, |
| Place of publication, distribution, etc. | New York |
| 300 ## - PHYSICAL DESCRIPTION | |
| Extent | xiii+580 |
| 650 ## - SUBJECT ADDED ENTRY--TOPICAL TERM | |
| Topical term or geographic name entry element | Robotics:,Control,sensing,vision,and,intelligence |
| 942 ## - ADDED ENTRY ELEMENTS (KOHA) | |
| Koha item type | Books |
| Date last seen | Total checkouts | Full call number | Accession number | Cost, total (INR) price | Price effective from | Category | Lost status | Damaged status | Department | Withdrawn status | Home library | Current library | Shelving location | Entry date | Vendor | Cost, normal purchase price | Grants | Billnumber | Billdate | Currency symbol | Conversion rate | Discount | Old discount |
|---|---|---|---|---|---|---|---|---|---|---|---|---|---|---|---|---|---|---|---|---|---|---|---|
| 26/01/2024 | 629.892 FU;2 R1 | 27028 | 229.92 | 26/01/2024 | Books | Central Library | Central Library | Central Library | Central Library | 01/04/2004 | Gangarams books bureu | 5.35 | CS | 3105 | 22/12/2005 | USD | 47.8 | 0.54 | 10 | ||||
| 26/01/2024 | 629.892 FU;4 | 28102 | 203.30 | 26/01/2024 | Books | Central Library | Central Library | Central Library | Central Library | 10/05/2004 | I K International | 5.35 | CS | 87 | 20/01/2006 | USD | 47.5 | 1.07 | 20 |
